000
00203 a2200097 4500
001
8583
100
_a
Sariya Hashmi
245
_a
Cambridge O Cambridge
260
_a
_b
Ferozsons
_c
090
_c
6906
_d
6906
942
_a
NUST-CAE
_c
M
_c
33496
999
_c
243656
_d
243656